000 00489nam a2200193Ia 4500
005 20240516105515.0
008 131103s9999 xx 000 0 und d
020 _a0 33390 493 1
040 _aLoreto College
041 _aEnglish
082 _a428
_bVEL
100 _aVelayudhan, S.
245 _aMacmillan English readers
_b book six
_cS. Velayudhan
260 _aMadras
_bMacmillan
_c1988
300 _a130p.
_b ill.
650 _aEnglish readers
850 _aLCBED
942 _cBK
999 _c30412
_d80891